| 000 | 00919nam a2200277Ia 4500 | ||
|---|---|---|---|
| 001 | Z_5093 | ||
| 003 | CHAP | ||
| 008 | 220113s2003 xx 000 0 und d | ||
| 010 | _a168150 | ||
| 040 | _cCHAP | ||
| 090 | _aTesis G 1795 | ||
| 100 |
_aGonzález Embarcadero, Antonia _948874 |
||
| 245 |
_aSistema didáctico para la enseñanza y aprendizaje de botánica de forrajes en la carrera de ingeniero agronómo especialista en zootecnia / _cpor Antonia González Embarcadero |
||
| 260 |
_aChapingo, Méx. : _bEl autor, _c2003 |
||
| 300 | _a192 h. | ||
| 502 | _aTesis (Doctor en Ciencias en Educación Agrícola Superior) UACH. Departamento de Sociología Rural) | ||
| 650 |
_aBotánica _xEstudio y enseñanza _914538 |
||
| 650 |
_aEnseñanza _xMetodología _937086 |
||
| 650 |
_aForrajes _942552 |
||
| 901 | _aTESIS G 1795 | ||
| 902 | _aM | ||
| 910 | _a2003 | ||
| 942 | _c2 | ||
| 942 | _c2 | ||
| 999 |
_c168150 _d168150 |
||